000 00756cam a2200217 4500
001 WB3549-01
008 000000n1999 000 0 eng u
035 _a(Sirsi) u103136
245 _aGalleries aim to net new market
260 _c1999
490 _aFinancial Times
_v14 December 1999, 19(1)
520 _aA new internet art gallery, Eyestorm.com, has been launched, aimed at widening the existing customer base for art works by making the site an opportunity to find out about the artists through ideas such as discussion forums.
590 _aWB
650 _aELECTRONIC COMMERCE
650 _aINTERNET
650 _aART GALLERIES
650 _aART MARKET
650 _aONLINE SHOPPING
690 _aArts and antiques
_96217
942 _n0
999 _c61986
_d61986